2014 Oscar Nominees Quiz - Statistics

General Stats
  • This quiz has been taken 4,863 times
  • The average score is 18 of 39
Answer Stats
Category Hint Answer % Correct
Best Picture Slavery 12 Years a Slave
91%
Best Picture Space Gravity
86%
Best Animated Feature Minions Despicable Me 2
73%
Best Animated Feature Snow Frozen
73%
Best Actress Gravity Sandra Bullock
72%
Best Picture Con Artists American Hustle
70%
Best Supporting Actress American Hustle Jennifer Lawrence
64%
Best Actor The Wolf of Wall Street Leonardo DiCaprio
63%
Best Actress August: Osage County Meryl Streep
63%
Best Picture Boiler Room The Wolf of Wall Street
63%
Best Actress Blue Jasmine Cate Blanchett
61%
Best Picture Piracy Captain Phillips
60%
Best Picture Future Dating Her
57%
Best Actress American Hustle Amy Adams
56%
Best Picture Pharma Dallas Buyers Club
56%
Best Actor American Hustle Christian Bale
55%
Best Supporting Actor American Hustle Bradley Cooper
53%
Best Supporting Actress August: Osage County Julia Roberts
49%
Best Actor Dallas Buyers Cub Matthew McConaughey
49%
Best Animated Feature Cave Men The Croods
47%
Best Supporting Actor Dallas Buyers Cub Jared Leto
44%
Best Supporting Actor The Wolf of Wall Street Jonah Hill
41%
Best Director The Wolf of Wall Street Martin Scorsese
39%
Best Supporting Actress 12 Years a Slave Lupita Nyong'o
36%
Best Picture Sweepstakes Nebraska
36%
Best Director Gravity Alfonso Cuarón
34%
Best Picture Child Search Philomena
34%
Best Supporting Actor 12 Years a Slave Michael Fassbender
33%
Best Director 12 Years a Slave Steve McQueen
33%
Best Actor 12 Years a Slave Chiwetel Ejiofor
31%
Best Actress Philomena Judi Dench
31%
Best Director American Hustle David O. Russell
25%
Best Actor Nebraska Bruce Dern
24%
Best Supporting Actress Blue Jasmine Sally Hawkins
18%
Best Supporting Actor Captain Philips Barkhad Abdi
14%
Best Supporting Actress Nebraska June Squibb
14%
Best Director Nebraska Alexander Payne
12%
Best Animated Feature Airplanes The Wind Rises
9%
Best Animated Feature Rodents Ernest & Celestine
7%
No matching quizzes found
Score Distribution
Percent of People with Each Score
Percentile by Number Answered
Your Score History
You have not taken this quiz